Lokálna moc v transformačnom procese.

Diskusný príspevok z medzinárodnej odbornej konferencie o lokálnej moci v transformačnom procese, ktorá sa uskutočnila v júni 1995 v Bratislave. Základný okruh otázok súvisiaci s politickým postojom k potrebe transformácie lokálnej moci na princípoch demokracie. Výhody lokálnej moci z hľadiska demok...

Descrizione completa

Salvato in:
Dettagli Bibliografici
Autore principale: Malíková, Ľudmila
Natura: Capitolo di libro
Lingua:slovacco
Soggetti:
Tags: Aggiungi Tag
Nessun Tag, puoi essere il primo ad aggiungerne!!

MARC

LEADER 00000naa a2200000 4500
001 r019195
005 20221213101332.0
041 0 |a slo 
044 |a SK 
245 1 0 |a Lokálna moc v transformačnom procese.  |c Ľudmila Malíková 
520 |a Diskusný príspevok z medzinárodnej odbornej konferencie o lokálnej moci v transformačnom procese, ktorá sa uskutočnila v júni 1995 v Bratislave. Základný okruh otázok súvisiaci s politickým postojom k potrebe transformácie lokálnej moci na princípoch demokracie. Výhody lokálnej moci z hľadiska demokracie. Postoje zástancov a kritikov lokalizmu. 
610 2 0 |a politika komunálna 
610 2 0 |a moc štátna 
610 2 0 |a transformácia 
610 2 0 |a správa miestna 
610 2 0 |a dekoncentrácia 
610 2 0 |a demokracia 
610 2 0 |a orgány štátne 
100 1 |a Malíková, Ľudmila